Doing interview research: The essential how to guide (Record no. 395437)

MARC details
000 -LEADER
fixed length control field 00524 a2200193 4500
005 - DATE & TIME
control field 20260128103228.0
008 - FIXED-LENGTH DATA ELEMENTS--GENERAL INFORMATION
fixed length control field 260127b |||||||| |||| 00| 0 eng d
020 ## - ISBN
International Standard Book Number 9781526464064
Price $ 48.00
040 ## - CATALOGING SOURCE
Original cataloging agency VIVEKANANDA LIBRARY
082 ## - DDC NUMBER
Classification number 300.723
Book Number F641D
100 ## - MAIN ENTRY--PERSONAL NAME
Personal name Flick, Uwe
245 ## - TITLE STATEMENT
Title Doing interview research: The essential how to guide
260 ## - PUBLICATION, DISTRIBUTION, ETC. (IMPRINT)
Name of publisher, distributor, etc Sage Publications
Date of publication, distribution, etc 2022
Place of publication, distribution, etc London
300 ## - PHYSICAL DESCRIPTION
Pages xxi, 421
650 ## - Subject
Subject Social Sciences
650 ## - Subject
Subject Research Methods
650 ## - Subject
Subject Qualitative Research
942 ## - ADDED ENTRY ELEMENTS (KOHA)
Koha item type Books
Holdings
Withdrawn status Lost status Source of classification or shelving scheme Damaged status Not for loan Location (home branch) Sublocation or collection (holding branch) Shelving location Date acquired Koha issues (times borrowed) Koha full call number Accession No. Koha date last seen Koha item type
    Dewey Decimal Classification     VIVEKANANDA LIBRARY VIVEKANANDA LIBRARY Vivekananda Library 22/12/2025   300.723 F641D 443778 22/12/2025 Books
© Designed and Maintained by Vivekananda Library, MDU Rohtak